Szczegóły MARC21

Kredyt konsumencki i upadłość konsumencka na rynku usług finansowych UE /

003 -Nazwa inst., której nr kontr. jest w polu 001 [,]
    • @
    • Nazwa instytucji, której n kontrolny jest w polu 001
    • NUKAT
005 -DATA I CZAS OSTATNIEJ MODYFIKACJI [,]
    • @
    • pole kontrolne
    • 20241231102211.0
020 -Międzynarod. znormalizowany nr książki - ISBN [ , ]
    • a
    • Numer ISBN
    • 837416235X Find
040 -Instytucja sporządzająca opis [ , ]
    • a
    • Instytucja, która sporządziła opis (NP)
    • POZN U/AC
    • c
    • Instytucja, która sporządziła rekord (NP)
    • POZN U/AC
    • d
    • Instytucja, która zmodyfikowała rekord (P)
    • POZN U/HC
    • d
    • Instytucja, która zmodyfikowała rekord (P)
    • WA U/91IOs
942 -Rodzaj dokumentu [ , ]
    • c
    • Rodzaj dokumentu
    • Książka
100 -Hasło główne - nazwa osobowa [1, ]
    • a
    • Nazwa osobowa (NP)
    • Szpringer, Włodzimierz.
    • 9
    • KHW
    • 7626
245 -Strefa tytułu i oznaczenia odpowiedzialności [1,0]
    • a
    • Tytuł
    • Kredyt konsumencki i upadłość konsumencka na rynku usług finansowych UE / Find
    • c
    • Pozostałe elementy strefy tytułu i oznaczenia odpowiedzialności (NP)
    • Włodzimierz Szpringer.
260 -Strefa adresu wydawniczego [ , ]
    • a
    • Miejsce wydania (P)
    • Warszawa :
    • b
    • Nazwa wydawcy (P)
    • Dom Wydawniczy ABC,
    • c
    • Data wydania (P)
    • cop. 2005.
300 -Strefa opisu fizycznego [ , ]
    • a
    • Określenie formy książki i/lub objętość (NP)
    • 253 s. ;
    • c
    • Format (NP)
    • 21 cm.
336 -Typ zawartości [ , ]
    • a
    • Termin opisujący typ zawartości
    • Tekst
    • b
    • Kod określający zawartość
    • txt
    • 2
    • Źródło (terminu i kodu)
    • rdacontent
337 -Typ mediów [ , ]
    • a
    • Tryb odtwarzania
    • Bez urządzenia pośredniczącego
    • b
    • Kod typu mediów
    • n
    • 2
    • Źródło (terminu i kodu)
    • rdamedia
338 -Typ/rodzaj nośnika [ , ]
    • a
    • Hasło opisujące typ nośnika
    • Wolumin
    • b
    • Kod typu nośnika
    • nc
    • 2
    • Źródło (terminu i kodu)
    • rdacarrier
504 -Uwaga dot. bibliogr. załącznikowej [ , ]
    • a
    • Uwaga dot. bibliografii załącznikowej
    • Bibliogr. s. 241-253.
080 -Uniwersalna Klasyfikacja Dziesiętna [ , ]
    • 2
    • Identyfikator wydania tablic
    • UDC-P022
    • a
    • Symbol klasyfikacji
    • 336.77
    • b
    • Dopowiedzenie
    • Kredyt. Funkcje ekonomiczne kredytu. Pożyczki.
    • x
    • Poddział wspólny
    • (438:4-67)
    • b
    • Dopowiedzenie
    • (Polska - Unia Europejska).
    • x
    • Poddział wspólny
    • "1989/..."
080 -Uniwersalna Klasyfikacja Dziesiętna [ , ]
    • 2
    • Identyfikator wydania tablic
    • UDC-P022
    • a
    • Symbol klasyfikacji
    • 330.567.2
    • b
    • Dopowiedzenie
    • Wydatki. Konsumpcja. Spożycie. Oszczędności. Ekonomika gospodarstw domowych.
    • x
    • Poddział wspólny
    • (438:4-67)
    • b
    • Dopowiedzenie
    • (Polska - Unia Europejska).
    • x
    • Poddział wspólny
    • "1989/..."
080 -Uniwersalna Klasyfikacja Dziesiętna [ , ]
    • 2
    • Identyfikator wydania tablic
    • UDC-P022
    • a
    • Symbol klasyfikacji
    • 347.736/.739
    • b
    • Dopowiedzenie
    • Upadłość. Zawieszenie wypłat. Niewypłacalność. Bankructwo. Likwidacja.
    • x
    • Poddział wspólny
    • (438:4-67)
    • b
    • Dopowiedzenie
    • (Polska - Unia Europejska).
    • x
    • Poddział wspólny
    • "1989/..."
650 -Hasło przedmiotowe [ ,7]
    • a
    • Hasło przedmiotowe
    • Kredyt konsumpcyjny
    • x
    • Określnik rzeczowy
    • prawo
    • z
    • Określnik geograficzny
    • Polska.
    • 2
    • Źródło terminu
    • kaba
    • 9
    • KHW
    • 583380
650 -Hasło przedmiotowe [ ,7]
    • a
    • Hasło przedmiotowe
    • Kredyt konsumpcyjny
    • x
    • Określnik rzeczowy
    • prawo
    • z
    • Określnik geograficzny
    • Kraje Unii Europejskiej.
    • 2
    • Źródło terminu
    • kaba
    • 9
    • KHW
    • 557189
650 -Hasło przedmiotowe [ ,7]
    • a
    • Hasło przedmiotowe
    • Bankowość elektroniczna.
    • 2
    • Źródło terminu
    • kaba
    • 9
    • KHW
    • 102435
980 -Symbol UKD [ , ]
    • a
    • UKD
    • 336.77:330.567.2:347.736/.739](438:4-67)"1989/..."
710 -Hasło dodatkowe - nazwa ciała zbiorowego [2, ]
    • a
    • Nazwa ciała zbiorowego lub nazwa geograficzna jako pierwszy element (NP)
    • Dom Wydawniczy ABC.
    • 4
    • Kod relacji
    • pbl
    • 9
    • KHW
    • 73486
920 -ISBN [ , ]
    • a
    • ISBN
    • 83-7416-235-X Find
Sygnatura Numer inwentarzowy Status udost. Uwagi nie widoczne w OPAC Lokalizacja Data inwentaryzacji
SA.14967SA.149671 BSA2007-03-12
336GW.5804-3 GW2016-02-16
T.9004T.9004-2przepisanyT2006-02-15
 TM.9496-2 T2013-11-19